Mujeres : empoderamiento y justicia económica : reflexiones de la experiencia en Latinoamérica y el Caribe /

Compilación de artículos sobre la importancia de lograr una equidad económica entre hombres y mujeres: ambos son impactados por los efectos de la globalización y de las crisis económicas, pero es importante reducir las diferencias de género en este campo. En las conferencias mundiales de la mujer se...

Celý popis

Uloženo v:
Podrobná bibliografie
Hlavní autor: Pauli, Liliana de (edición)
Médium: Kniha
Jazyk:španělština
Vydáno: México : UNIFEM, 2002, c2002
Témata:
Tagy: Přidat tag
Žádné tagy, Buďte první, kdo vytvoří štítek k tomuto záznamu!

MARC

LEADER 00000nam^a2200000^a^4500
001 000381988
005 20250521000000.0
009 20260310120719.361
020 |a 0-912917-61-X 
037 |a Acervo ITESO - Biblioteca 
041 |a ESP 
082 |a 331. 482  |b PAU 
100 |a Pauli, Liliana de  |e (edición) 
245 1 0 |a Mujeres :  |b empoderamiento y justicia económica : reflexiones de la experiencia en Latinoamérica y el Caribe /  |c Ed. de L. de Pauli ; pref. de Marilyn Carr ; introd. de Peggy Antrobus. 
264 4 |a México :  |b UNIFEM,  |c 2002, c2002 
300 |a 157 p. 
336 |a texto  |b txt  |2 rdacontenido 
337 |a sin mediación  |b n  |2 rdamedio 
338 |a volumen  |b nc  |2 rdasoporte 
520 |a Compilación de artículos sobre la importancia de lograr una equidad económica entre hombres y mujeres: ambos son impactados por los efectos de la globalización y de las crisis económicas, pero es importante reducir las diferencias de género en este campo. En las conferencias mundiales de la mujer se han tomado compromisos que debieran favorecer la justicia económica y la erradicación de la pobreza, apuntando al empoderamiento de la mujer. En este sentido se presentan las estrategias que las mujeres han utilizado para aprovechar las oportunidades y reducir los impactos negativos de la economía global. 
610 |a ONU Mujeres 
649 |a XX 
650 |a Mujeres -  |x Condiciones Económicas -  |x Tema Principal 
650 |a Mujeres -  |x Condiciones Laborales -  |x Tema Principal 
650 |a Justicia e Injusticia 
650 |a Desarrollo Sustentable 
650 |a Discriminación de Género 
650 |a Política de Género 
650 |a Economía Laboral 
650 |a Latinoamérica -  |x Condiciones Económicas 
910 |a Fondo General 
920 |a Impresos - Libros 
930 |a Colección General 
905 |a 101 
901 |a 0500276942  |b IT1  |c ACC  |i D78495  |u 20250521 
902 |a https://opac.biblio.iteso.mx/vufind/Record/000381988